[Event "FRA-chT2S"]
[Site "France"]
[Date "1997.??.??"]
[Round "3"]
[White "Atlas, Valeri"]
[Black "Gagner, Nicolas"]
[Result "1-0"]
[WhiteElo "2455"]
[BlackElo "2165"]
[PlyCount "53"]
[EventDate "1997.??.??"]
[EventType "team"]
[EventRounds "9"]
[EventCountry "FRA"]
[SourceTitle "EXT 2007"]
[Source "ChessBase"]
[SourceDate "2006.11.23"]
[SourceVersion "1"]
[SourceVersionDate "2006.11.23"]
[SourceQuality "1"]
[WhiteTeam "Monaco"]
[BlackTeam "Oyonnax"]
[WhiteTeamCountry "MNC"]
[BlackTeamCountry "FRA"]

1. e4 c5 2. Nf3 Nc6 3. Nc3 g6 4. d4 cxd4 5. Nxd4 Bg7 6. Nde2 d6 7. g3 Nf6 8. Bg2 Bd7 9. h3 0-0 10. 0-0 a6 11. a4 Rc8 12. Be3 Na5 13. b3 b5 14. axb5 axb5 15. Qd2 Qc7 16. Ra2 e6 17. Rfa1 Nb7 18. Ra7 b4 19. Nb1 Qxc2 20. Rxb7 Nxe4 21. Qxc2 Rxc2 22. Bxe4 Rxe2 23. Raa7 Bc8 24. Rc7 d5 25. Bd3 Re1+ 26. Kh2 e5 27. Bd2 1-0